[Event "Deutsche Ländermeisterschaft 2020"]
[Site "Berlin GER"]
[Date "2020.10.04"]
[Round "7"]
[White "Khachatryan, Taron"]
[Black "Haack, Kevin"]
[Result "1/2-1/2"]
[Termination "unterminated"]
[Board "4.3"]
[WhiteElo "2136"]
[BlackElo "2209"]
[WhiteClock "00:13:45"]
[BlackClock "00:06:00"]
[WhiteTeam "Schleswig-Holstein"]
[BlackTeam "Hessen"]
[PlyCount "81"]
[WhiteFideId "16216598"]
[BlackFideId "16228715"]
[EventCountry "GER"]
[EventRounds "7"]
[EventType "team-swiss"]
[EventDate "2020.09.29"]

1. e4 {[%clk 1:30:50]} c5 {[%clk 1:30:57]} 2. c3 {[%clk 1:31:08]} Nf6 {[%clk
1:31:22]} 3. e5 {[%clk 1:31:12]} Nd5 {[%clk 1:31:48]} 4. d4 {[%clk 1:31:33]}
cxd4 {[%clk 1:32:08]} 5. Nf3 {[%clk 1:31:54]} d6 {[%clk 1:30:49]} 6. cxd4
{[%clk 1:32:07]} Nc6 {[%clk 1:30:24]} 7. Bc4 {[%clk 1:32:01]} e6 {[%clk
1:30:09]} 8. O-O {[%clk 1:32:09]} Be7 {[%clk 1:29:04]} 9. Qe2 {[%clk 1:31:59]}
dxe5 {[%clk 1:23:12]} 10. dxe5 {[%clk 1:29:29]} Qc7 {[%clk 1:22:49]} 11. Rd1
{[%clk 1:28:34]} Nb6 {[%clk 1:21:07]} 12. Bb3 {[%clk 1:28:36]} O-O {[%clk
1:19:24]} 13. Nc3 {[%clk 1:28:48]} a6 {[%clk 1:17:45]} 14. Bf4 {[%clk 1:25:35]}
Nd7 {[%clk 1:08:50]} 15. Rac1 {[%clk 1:20:08]} Nc5 {[%clk 1:03:49]} 16. Bc2
{[%clk 1:18:08]} Rd8 {[%clk 1:02:20]} 17. Rxd8+ {[%clk 1:11:55]} Qxd8 {[%clk
1:01:11]} 18. Ne4 {[%clk 1:04:39]} Nxe4 {[%clk 0:46:34]} 19. Qxe4 {[%clk
1:04:45]} g6 {[%clk 0:46:43]} 20. a3 {[%clk 1:03:50]} Qc7 {[%clk 0:41:48]} 21.
Ba4 {[%clk 0:58:08]} Bd7 {[%clk 0:40:56]} 22. Nd4 {[%clk 0:45:50]} Rc8 {[%clk
0:40:07]} 23. Nxc6 {[%clk 0:41:06]} Bxc6 {[%clk 0:39:05]} 24. Bxc6 {[%clk
0:41:14]} bxc6 {[%clk 0:39:26]} 25. b4 {[%clk 0:39:56]} Rd8 {[%clk 0:31:45]}
26. h3 {[%clk 0:38:02]} Rd5 {[%clk 0:29:54]} 27. Qc4 {[%clk 0:35:48]} g5 {[%clk
0:28:37]} 28. Be3 {[%clk 0:33:39]} a5 {[%clk 0:24:59]} 29. Qxc6 {[%clk
0:29:45]} Rd1+ {[%clk 0:23:00]} 30. Kh2 {[%clk 0:29:48]} Rxc1 {[%clk 0:15:52]}
31. Qxc1 {[%clk 0:30:03]} Qxe5+ {[%clk 0:15:49]} 32. f4 {[%clk 0:29:39]} Qf5
{[%clk 0:12:24]} 33. fxg5 {[%clk 0:23:08]} axb4 {[%clk 0:08:42]} 34. axb4
{[%clk 0:23:01]} Bxb4 {[%clk 0:08:40]} 35. Qc8+ {[%clk 0:20:34]} Bf8 {[%clk
0:08:37]} 36. Qb8 {[%clk 0:14:58]} Qd5 {[%clk 0:07:01]} 37. Bf4 {[%clk
0:14:26]} Qc5 {[%clk 0:07:11]} 38. Qe5 {[%clk 0:13:57]} Qxe5 {[%clk 0:05:28]}
39. Bxe5 {[%clk 0:14:10]} h6 {[%clk 0:05:37]} 40. gxh6 {[%clk 0:13:49]} Bxh6
{[%clk 0:06:00]} 41. Kg3 {[%clk 0:13:45]} 1/2-1/2

[Event "Deutsche Ländermeisterschaft 2020"]
[Site "Berlin GER"]
[Date "2020.10.04"]
[Round "7"]
[White "Bakiev, Diyor"]
[Black "Farokhi, Keyvan"]
[Result "1/2-1/2"]
[Termination "unterminated"]
[Board "4.4"]
[WhiteElo "2070"]
[BlackElo "2001"]
[WhiteClock "00:11:19"]
[BlackClock "00:08:42"]
[WhiteTeam "Hessen"]
[BlackTeam "Schleswig-Holstein"]
[PlyCount "74"]
[WhiteFideId "16241584"]
[BlackFideId "12998630"]
[EventCountry "GER"]
[EventRounds "7"]
[EventType "team-swiss"]
[EventDate "2020.09.29"]

1. e4 c6 2. d4 d5 3. exd5 cxd5 4. c4 Nf6 5. Nc3 Nc6 6. Bg5 dxc4 7. d5 Ne5 8.
Qd4 h6 9. Bf4 Ng6 10. Bxc4 Nxf4 11. Qxf4 g5 12. Qd2 Bg7 13. Nf3 O-O 14. O-O a6
15. a4 Qc7 16. Ba2 Rd8 17. Qe2 Bg4 18. Rfe1 Rd7 19. h3 {[%clk 1:16:29]} Bxf3
{[%clk 0:58:42]} 20. Qxf3 {[%clk 1:16:54]} Qf4 {[%clk 0:51:54]} 21. Qxf4 {[%clk
1:14:12]} gxf4 {[%clk 0:52:21]} 22. a5 {[%clk 1:12:34]} Rc7 {[%clk 0:47:07]}
23. Na4 {[%clk 0:56:51]} Rd8 {[%clk 0:44:40]} 24. Rad1 {[%clk 0:56:11]} Kf8
{[%clk 0:43:57]} 25. Bb3 {[%clk 0:52:54]} Ne8 {[%clk 0:30:47]} 26. Re4 {[%clk
0:30:53]} e5 {[%clk 0:17:21]} 27. dxe6 {[%clk 0:20:43]} Rxd1+ {[%clk 0:17:41]}
28. Bxd1 {[%clk 0:21:09]} Nd6 {[%clk 0:17:20]} 29. e7+ {[%clk 0:15:06]} Rxe7
{[%clk 0:17:33]} 30. Rxe7 {[%clk 0:15:30]} Kxe7 {[%clk 0:18:01]} 31. Bf3 {[%clk
0:15:25]} Kd8 {[%clk 0:10:27]} 32. Bd5 {[%clk 0:12:05]} Bd4 {[%clk 0:10:01]}
33. Kf1 {[%clk 0:11:30]} f6 {[%clk 0:09:31]} 34. Ke2 {[%clk 0:11:19]} Kc7
{[%clk 0:08:42]} 35. Kf3 Nc8 36. Kxf4 Ne7 37. Bf3 Bxf2 1/2-1/2

[Event "Deutsche Ländermeisterschaft 2020"]
[Site "Berlin GER"]
[Date "2020.10.04"]
[Round "7"]
[White "Mundt, Alexandra"]
[Black "Poetsch, Leonore"]
[Result "1/2-1/2"]
[Termination "unterminated"]
[Board "4.5"]
[WhiteElo "1786"]
[BlackElo "1984"]
[WhiteClock "00:17:37"]
[BlackClock "00:21:11"]
[WhiteTeam "Schleswig-Holstein"]
[BlackTeam "Hessen"]
[PlyCount "87"]
[WhiteFideId "16217276"]
[BlackFideId "12940372"]
[EventCountry "GER"]
[EventRounds "7"]
[EventType "team-swiss"]
[EventDate "2020.09.29"]

1. e4 {[%clk 1:30:57]} e6 {[%clk 1:30:55]} 2. d4 {[%clk 1:31:23]} d5 {[%clk
1:31:20]} 3. Nc3 {[%clk 1:31:44]} Nf6 {[%clk 1:31:44]} 4. Bg5 {[%clk 1:32:09]}
Bb4 {[%clk 1:32:09]} 5. a3 {[%clk 1:32:16]} Bxc3+ {[%clk 1:31:53]} 6. bxc3
{[%clk 1:32:41]} dxe4 {[%clk 1:31:21]} 7. Ne2 {[%clk 1:31:56]} b6 {[%clk
1:28:15]} 8. Ng3 {[%clk 1:30:38]} Bb7 {[%clk 1:27:45]} 9. Bb5+ {[%clk 1:30:52]}
c6 {[%clk 1:26:44]} 10. Be2 {[%clk 1:29:41]} Nbd7 {[%clk 1:24:53]} 11. Nxe4
{[%clk 1:29:05]} Qc7 {[%clk 1:23:43]} 12. Nxf6+ {[%clk 1:28:45]} gxf6 {[%clk
1:23:23]} 13. Bh4 {[%clk 1:28:29]} O-O-O {[%clk 1:22:09]} 14. Bg3 {[%clk
1:26:04]} e5 {[%clk 1:22:30]} 15. O-O {[%clk 1:16:25]} c5 {[%clk 1:15:05]} 16.
Bf3 {[%clk 1:09:40]} cxd4 {[%clk 1:11:31]} 17. cxd4 {[%clk 1:09:48]} Qc3 {[%clk
1:10:29]} 18. Bxb7+ {[%clk 0:56:58]} Kxb7 {[%clk 1:10:52]} 19. dxe5 {[%clk
0:57:10]} fxe5 {[%clk 1:07:52]} 20. Qd5+ {[%clk 0:57:01]} Qc6 {[%clk 1:05:35]}
21. Rfd1 {[%clk 0:54:00]} Qxd5 {[%clk 0:58:27]} 22. Rxd5 {[%clk 0:54:18]} f6
{[%clk 0:57:41]} 23. Rad1 {[%clk 0:51:58]} Kc8 {[%clk 0:55:32]} 24. Bh4 {[%clk
0:51:31]} Rhf8 {[%clk 0:51:25]} 25. Kf1 {[%clk 0:51:19]} Rf7 {[%clk 0:49:50]}
26. Rd6 {[%clk 0:44:32]} Re8 {[%clk 0:46:42]} 27. Rc6+ {[%clk 0:36:32]} Kb7
{[%clk 0:45:42]} 28. Rcd6 {[%clk 0:31:46]} Kc7 {[%clk 0:44:41]} 29. f3 {[%clk
0:28:48]} f5 {[%clk 0:42:18]} 30. a4 {[%clk 0:23:57]} e4 {[%clk 0:39:00]} 31.
a5 {[%clk 0:20:51]} Ne5 {[%clk 0:31:59]} 32. axb6+ {[%clk 0:19:13]} axb6 {[%clk
0:32:18]} 33. Bd8+ {[%clk 0:15:07]} Kc8 {[%clk 0:25:46]} 34. Bxb6 {[%clk
0:14:49]} exf3 {[%clk 0:23:50]} 35. gxf3 {[%clk 0:09:49]} Nxf3 {[%clk 0:21:07]}
36. Ra1 {[%clk 0:06:30]} Kb8 {[%clk 0:16:41]} 37. h3 {[%clk 0:03:49]} Rc8
{[%clk 0:06:31]} 38. Ra2 {[%clk 0:02:37]} Ne5 {[%clk 0:05:25]} 39. Bf2 {[%clk
0:01:18]} Nc4 {[%clk 0:03:16]} 40. Rd3 {[%clk 0:01:17]} Rff8 {[%clk 0:00:36]}
41. Ra4 {[%clk 0:24:44]} Ne5 {[%clk 0:21:47]} 42. Bg3 {[%clk 0:18:11]} f4
{[%clk 0:21:23]} 43. Rxf4 {[%clk 0:17:13]} Rxf4+ {[%clk 0:21:11]} 44. Bxf4
{[%clk 0:17:37]} 1/2-1/2

[Event "Deutsche Ländermeisterschaft 2020"]
[Site "Berlin GER"]
[Date "2020.10.04"]
[Round "7"]
[White "Werner, Rosalie"]
[Black "Sommer, Justus"]
[Result "0-1"]
[Termination "unterminated"]
[Board "4.6"]
[WhiteElo "1688"]
[BlackElo "1845"]
[WhiteClock "00:02:42"]
[BlackClock "00:05:55"]
[WhiteTeam "Hessen"]
[BlackTeam "Schleswig-Holstein"]
[PlyCount "84"]
[WhiteFideId "16223748"]
[BlackFideId "16245008"]
[EventCountry "GER"]
[EventRounds "7"]
[EventType "team-swiss"]
[EventDate "2020.09.29"]

1. e4 {[%clk 1:30:58]} e5 {[%clk 1:30:48]} 2. Nf3 {[%clk 1:31:24]} Nc6 {[%clk
1:31:09]} 3. Bc4 {[%clk 1:31:51]} Nf6 {[%clk 1:31:30]} 4. d4 {[%clk 1:32:12]}
exd4 {[%clk 1:31:48]} 5. e5 {[%clk 1:32:35]} d5 {[%clk 1:32:11]} 6. Bb5 {[%clk
1:32:57]} Ne4 {[%clk 1:32:18]} 7. Nxd4 {[%clk 1:32:22]} Bc5 {[%clk 1:31:54]} 8.
Bxc6+ {[%clk 1:31:19]} bxc6 {[%clk 1:31:47]} 9. O-O {[%clk 1:31:04]} O-O {[%clk
1:30:56]} 10. Be3 {[%clk 1:24:58]} Bxd4 {[%clk 1:20:19]} 11. Bxd4 {[%clk
1:21:20]} c5 {[%clk 1:20:32]} 12. Be3 {[%clk 1:20:21]} d4 {[%clk 1:20:46]} 13.
Bc1 {[%clk 1:16:10]} Qe7 {[%clk 1:14:12]} 14. f3 {[%clk 1:14:13]} Ng5 {[%clk
1:14:28]} 15. f4 {[%clk 1:14:24]} Ne4 {[%clk 1:14:27]} 16. Nd2 {[%clk 1:14:05]}
Nxd2 {[%clk 1:13:47]} 17. Qxd2 {[%clk 1:14:03]} f6 {[%clk 1:13:22]} 18. exf6
{[%clk 1:12:44]} Qxf6 {[%clk 1:13:33]} 19. b3 {[%clk 1:10:10]} Ba6 {[%clk
1:12:48]} 20. Rf2 {[%clk 1:10:01]} c4 {[%clk 1:09:27]} 21. Ba3 {[%clk 1:05:26]}
c3 {[%clk 1:08:18]} 22. Qd1 {[%clk 1:04:50]} Rfd8 {[%clk 1:02:48]} 23. Qf3
{[%clk 1:01:06]} Rac8 {[%clk 0:58:38]} 24. Rd1 {[%clk 0:52:53]} c5 {[%clk
0:57:42]} 25. Qe4 {[%clk 0:50:56]} Kh8 {[%clk 0:54:05]} 26. g3 {[%clk 0:44:12]}
Bb5 {[%clk 0:52:34]} 27. Bc1 {[%clk 0:42:54]} a5 {[%clk 0:43:10]} 28. Qf3
{[%clk 0:39:46]} Re8 {[%clk 0:41:50]} 29. Qb7 {[%clk 0:34:10]} Ba6 {[%clk
0:37:34]} 30. Qf3 {[%clk 0:33:56]} Re7 {[%clk 0:36:40]} 31. Qd5 {[%clk
0:24:41]} Qb6 {[%clk 0:30:50]} 32. h4 {[%clk 0:22:17]} Rce8 {[%clk 0:30:10]}
33. Kh2 {[%clk 0:21:16]} Bb7 {[%clk 0:26:54]} 34. Qc4 {[%clk 0:16:17]} Qc6
{[%clk 0:21:24]} 35. Qf1 {[%clk 0:16:24]} Ba6 {[%clk 0:15:07]} 36. Qg2 {[%clk
0:14:44]} Qxg2+ {[%clk 0:14:22]} 37. Kxg2 {[%clk 0:14:15]} Bb7+ {[%clk
0:14:00]} 38. Kh3 {[%clk 0:13:21]} Re2 {[%clk 0:13:32]} 39. Rdf1 {[%clk
0:13:00]} Ba6 {[%clk 0:11:15]} 40. Ba3 {[%clk 0:08:57]} Rxc2 {[%clk 0:10:09]}
41. Re1 {[%clk 0:02:19]} Rxe1 {[%clk 0:09:50]} 42. Rxc2 {[%clk 0:02:42]} Bd3
{[%clk 0:05:55]} 0-1

[Event "Deutsche Ländermeisterschaft 2020"]
[Site "Berlin GER"]
[Date "2020.10.04"]
[Round "7"]
[White "Bräutigam, Katerina"]
[Black "Werner, Florin"]
[Result "1-0"]
[Termination "unterminated"]
[Board "4.7"]
[WhiteElo "1744"]
[BlackElo "1481"]
[WhiteClock "00:01:51"]
[BlackClock "00:40:08"]
[WhiteTeam "Schleswig-Holstein"]
[BlackTeam "Hessen"]
[PlyCount "57"]
[WhiteFideId "16242980"]
[BlackFideId "16250230"]
[EventCountry "GER"]
[EventRounds "7"]
[EventType "team-swiss"]
[EventDate "2020.09.29"]

1. e4 {[%clk 1:30:58]} e6 {[%clk 1:30:54]} 2. d4 {[%clk 1:31:22]} d5 {[%clk
1:31:23]} 3. Nc3 {[%clk 1:31:43]} Nf6 {[%clk 1:31:47]} 4. Bg5 {[%clk 1:32:01]}
Be7 {[%clk 1:32:12]} 5. e5 {[%clk 1:32:10]} Nfd7 {[%clk 1:32:34]} 6. Bxe7
{[%clk 1:32:32]} Qxe7 {[%clk 1:33:00]} 7. f4 {[%clk 1:32:53]} c5 {[%clk
1:33:13]} 8. Nf3 {[%clk 1:32:46]} Nc6 {[%clk 1:33:27]} 9. Nb5 {[%clk 1:30:37]}
O-O {[%clk 1:30:51]} 10. Qd2 {[%clk 1:22:50]} a6 {[%clk 1:29:43]} 11. Nd6
{[%clk 1:19:50]} cxd4 {[%clk 1:30:02]} 12. O-O-O {[%clk 1:16:14]} f6 {[%clk
1:28:37]} 13. Re1 {[%clk 1:10:53]} fxe5 {[%clk 1:28:31]} 14. fxe5 {[%clk
1:10:02]} Rxf3 {[%clk 1:16:45]} 15. gxf3 {[%clk 1:07:30]} Ndxe5 {[%clk
1:17:07]} 16. Nxc8 {[%clk 0:51:58]} Rxc8 {[%clk 1:17:31]} 17. Bh3 {[%clk
0:36:50]} Rf8 {[%clk 1:12:10]} 18. Rhf1 {[%clk 0:29:16]} Qc5 {[%clk 1:07:25]}
19. Bxe6+ {[%clk 0:28:27]} Kh8 {[%clk 1:07:50]} 20. Re2 {[%clk 0:07:14]} d3
{[%clk 1:05:04]} 21. Rg2 {[%clk 0:06:50]} Nb4 {[%clk 1:04:27]} 22. c3 {[%clk
0:01:47]} d4 {[%clk 0:52:32]} 23. Kb1 {[%clk 0:01:02]} Rxf3 {[%clk 0:50:45]}
24. Rxf3 {[%clk 0:00:46]} Nxf3 {[%clk 0:51:08]} 25. Qf4 {[%clk 0:00:38]} Nc6
{[%clk 0:42:56]} 26. Qf7 {[%clk 0:00:50]} Nd2+ {[%clk 0:40:45]} 27. Rxd2 {[%clk
0:01:07]} Ne7 {[%clk 0:39:43]} 28. Qf8+ {[%clk 0:01:25]} Ng8 {[%clk 0:40:08]}
29. Qxg8# {[%clk 0:01:51]} 1-0

[Event "Deutsche Ländermeisterschaft 2020"]
[Site "Berlin GER"]
[Date "2020.10.04"]
[Round "7"]
[White "Schneider, Jana"]
[Black "Ermitsch, Magnus"]
[Result "1/2-1/2"]
[Termination "unterminated"]
[Board "5.2"]
[WhiteTitle "FM"]
[WhiteElo "2270"]
[BlackElo "2025"]
[WhiteClock "00:02:48"]
[BlackClock "00:02:06"]
[WhiteTeam "Bayern"]
[BlackTeam "Berlin"]
[PlyCount "89"]
[WhiteFideId "12924997"]
[BlackFideId "16234464"]
[EventCountry "GER"]
[EventRounds "7"]
[EventType "team-swiss"]
[EventDate "2020.09.29"]

1. e4 {[%clk 1:30:56]} e5 {[%clk 1:29:42]} 2. Nf3 {[%clk 1:31:08]} Nf6 {[%clk
1:29:12]} 3. Nxe5 {[%clk 1:22:27]} d6 {[%clk 1:28:51]} 4. Nf3 {[%clk 1:22:46]}
Nxe4 {[%clk 1:28:25]} 5. Bd3 {[%clk 1:22:07]} Nf6 {[%clk 1:26:23]} 6. O-O
{[%clk 1:22:15]} Be7 {[%clk 1:25:48]} 7. c3 {[%clk 1:22:23]} Bg4 {[%clk
1:24:46]} 8. Bc2 {[%clk 1:22:09]} O-O {[%clk 1:24:30]} 9. d4 {[%clk 1:21:52]}
Re8 {[%clk 1:23:28]} 10. Bg5 {[%clk 1:15:04]} Bh5 {[%clk 1:21:59]} 11. Nbd2
{[%clk 1:13:43]} d5 {[%clk 1:19:40]} 12. Re1 {[%clk 1:09:16]} Nbd7 {[%clk
1:18:44]} 13. Nf1 {[%clk 1:06:01]} Bg6 {[%clk 1:13:55]} 14. Ng3 {[%clk
1:03:25]} Bf8 {[%clk 0:49:02]} 15. Nf5 {[%clk 0:48:00]} c6 {[%clk 0:46:46]} 16.
N3h4 {[%clk 0:41:12]} Qb6 {[%clk 0:45:00]} 17. Rxe8 {[%clk 0:30:07]} Rxe8
{[%clk 0:44:38]} 18. Rb1 {[%clk 0:27:35]} Ne4 {[%clk 0:42:52]} 19. Bf4 {[%clk
0:25:20]} Re6 {[%clk 0:21:53]} 20. Bd3 {[%clk 0:16:39]} a5 {[%clk 0:15:42]} 21.
Qc2 {[%clk 0:16:24]} Nef6 {[%clk 0:13:40]} 22. Kf1 {[%clk 0:13:28]} Ne4 {[%clk
0:13:30]} 23. Re1 {[%clk 0:13:45]} Rf6 {[%clk 0:13:30]} 24. Bxe4 {[%clk
0:10:09]} dxe4 {[%clk 0:13:49]} 25. g4 {[%clk 0:10:10]} Re6 {[%clk 0:10:16]}
26. Rxe4 {[%clk 0:10:09]} Nf6 {[%clk 0:04:08]} 27. Rxe6 {[%clk 0:10:28]} fxe6
{[%clk 0:04:30]} 28. Nxg6 {[%clk 0:10:51]} hxg6 {[%clk 0:03:41]} 29. Nh4 {[%clk
0:06:11]} g5 {[%clk 0:03:39]} 30. Be5 {[%clk 0:03:02]} gxh4 {[%clk 0:03:43]}
31. Bxf6 {[%clk 0:03:26]} gxf6 {[%clk 0:03:56]} 32. Qg6+ {[%clk 0:03:52]} Bg7
{[%clk 0:00:51]} 33. Qe8+ {[%clk 0:04:15]} Kh7 {[%clk 0:00:54]} 34. Qh5+ {[%clk
0:04:36]} Kg8 {[%clk 0:00:42]} 35. Qe8+ {[%clk 0:05:00]} Kh7 {[%clk 0:01:04]}
36. Qh5+ {[%clk 0:05:25]} Bh6 {[%clk 0:01:05]} 37. Qf7+ {[%clk 0:05:49]} Kh8
{[%clk 0:00:35]} 38. Qxf6+ {[%clk 0:05:45]} Bg7 {[%clk 0:00:54]} 39. Qxh4+
{[%clk 0:05:45]} Kg8 {[%clk 0:01:17]} 40. Qe7 {[%clk 0:05:12]} Qxb2 {[%clk
0:01:12]} 41. Qe8+ {[%clk 0:04:35]} Kh7 {[%clk 0:01:35]} 42. Qh5+ {[%clk
0:04:34]} Kg8 {[%clk 0:01:55]} 43. Qe8+ {[%clk 0:04:55]} Kh7 {[%clk 0:02:14]}
44. Qh5+ {[%clk 0:02:48]} Kg8 {[%clk 0:02:06]} 45. Qe8+ 1/2-1/2

[Event "Deutsche Ländermeisterschaft 2020"]
[Site "Berlin GER"]
[Date "2020.10.04"]
[Round "7"]
[White "Mätzkow, Maximilian Paul"]
[Black "Kolb, Tobias"]
[Result "1/2-1/2"]
[Termination "unterminated"]
[Board "5.3"]
[WhiteTitle "FM"]
[WhiteElo "2242"]
[BlackElo "2268"]
[WhiteClock "00:17:03"]
[BlackClock "00:05:05"]
[WhiteTeam "Berlin"]
[BlackTeam "Bayern"]
[PlyCount "88"]
[WhiteFideId "24679933"]
[BlackFideId "12992321"]
[EventCountry "GER"]
[EventRounds "7"]
[EventType "team-swiss"]
[EventDate "2020.09.29"]

1. d4 {[%clk 1:30:54]} d5 {[%clk 1:30:55]} 2. Nc3 {[%clk 1:31:09]} Nf6 {[%clk
1:30:58]} 3. Bf4 {[%clk 1:31:31]} Bf5 {[%clk 1:31:07]} 4. f3 {[%clk 1:31:55]}
e6 {[%clk 1:31:19]} 5. g4 {[%clk 1:32:21]} Bg6 {[%clk 1:31:45]} 6. h4 {[%clk
1:32:47]} h5 {[%clk 1:27:11]} 7. g5 {[%clk 1:33:12]} Nfd7 {[%clk 1:27:03]} 8.
e3 {[%clk 1:33:35]} Nc6 {[%clk 1:10:49]} 9. Bd3 {[%clk 1:32:23]} Bxd3 {[%clk
1:11:08]} 10. cxd3 {[%clk 1:32:26]} Nb6 {[%clk 1:06:52]} 11. Nge2 {[%clk
1:31:13]} Bd6 {[%clk 1:03:41]} 12. Qb3 {[%clk 1:05:20]} Qd7 {[%clk 0:52:23]}
13. O-O-O {[%clk 1:00:34]} O-O-O {[%clk 0:52:11]} 14. Bxd6 {[%clk 0:59:01]}
Qxd6 {[%clk 0:52:24]} 15. f4 {[%clk 0:58:20]} Kb8 {[%clk 0:43:14]} 16. Kb1
{[%clk 0:57:36]} a6 {[%clk 0:42:05]} 17. Rc1 {[%clk 0:56:54]} f6 {[%clk
0:39:37]} 18. Na4 {[%clk 0:53:50]} Nxa4 {[%clk 0:38:23]} 19. Qxa4 {[%clk
0:54:13]} Ne7 {[%clk 0:35:28]} 20. e4 {[%clk 0:40:11]} dxe4 {[%clk 0:34:42]}
21. dxe4 {[%clk 0:40:31]} f5 {[%clk 0:35:08]} 22. e5 {[%clk 0:38:50]} Qd5
{[%clk 0:31:17]} 23. Ka1 {[%clk 0:29:02]} Rd7 {[%clk 0:27:46]} 24. Rh3 {[%clk
0:25:17]} Qb5 {[%clk 0:14:49]} 25. Qc2 {[%clk 0:24:11]} Rhd8 {[%clk 0:13:29]}
26. Rb3 {[%clk 0:24:12]} Qd5 {[%clk 0:13:56]} 27. Rc3 {[%clk 0:23:28]} Qa5
{[%clk 0:12:29]} 28. Ra3 {[%clk 0:23:22]} Qd5 {[%clk 0:11:47]} 29. Rc3 {[%clk
0:23:45]} Nc6 {[%clk 0:07:44]} 30. Rc5 {[%clk 0:22:43]} Nxd4 {[%clk 0:04:11]}
31. Nxd4 {[%clk 0:17:08]} Qxd4 {[%clk 0:04:37]} 32. Rxc7 {[%clk 0:17:34]} Qxf4
{[%clk 0:05:00]} 33. Rc8+ Rxc8 {[%clk 0:05:19]} 34. Qxc8+ {[%clk 0:17:24]} Ka7
{[%clk 0:05:45]} 35. Qc5+ {[%clk 0:17:03]} b6 {[%clk 0:05:05]} 36. Qc8 {[%clk
0:17:03]} Rb7 {[%clk 0:05:05]} 37. Rc7 {[%clk 0:17:03]} Qf1+ {[%clk 0:05:05]}
38. Rc1 {[%clk 0:17:03]} Qf4 {[%clk 0:05:05]} 39. Rc7 {[%clk 0:17:03]} Qe4
{[%clk 0:05:05]} 40. a3 {[%clk 0:17:03]} Qh1+ {[%clk 0:05:05]} 41. Ka2 {[%clk
0:17:03]} Qd5+ {[%clk 0:05:05]} 42. Ka1 {[%clk 0:17:03]} Qd1+ {[%clk 0:05:05]}
43. Ka2 {[%clk 0:17:03]} Qd5+ {[%clk 0:05:05]} 44. Ka1 {[%clk 0:17:03]} Qd1+
{[%clk 0:05:05]} 1/2-1/2

[Event "Deutsche Ländermeisterschaft 2020"]
[Site "Berlin GER"]
[Date "2020.10.04"]
[Round "7"]
[White "Nitsche, Nikolai"]
[Black "Aumüller, Naum"]
[Result "1-0"]
[Termination "unterminated"]
[Board "5.7"]
[WhiteElo "1721"]
[BlackElo "1690"]
[WhiteClock "00:11:25"]
[BlackClock "00:12:45"]
[WhiteTeam "Berlin"]
[BlackTeam "Bayern"]
[PlyCount "109"]
[WhiteFideId "16221036"]
[BlackFideId "16263960"]
[EventCountry "GER"]
[EventRounds "7"]
[EventType "team-swiss"]
[EventDate "2020.09.29"]

1. g3 {[%clk 1:30:43]} e5 {[%clk 1:30:37]} 2. Bg2 {[%clk 1:31:05]} Nf6 {[%clk
1:30:14]} 3. d3 {[%clk 1:31:15]} d5 {[%clk 1:30:01]} 4. Nf3 {[%clk 1:30:47]}
Bd6 {[%clk 1:29:11]} 5. O-O {[%clk 1:30:34]} c6 {[%clk 1:28:30]} 6. b3 {[%clk
1:29:53]} O-O {[%clk 1:26:44]} 7. Bb2 {[%clk 1:28:51]} Nbd7 {[%clk 1:25:33]} 8.
c4 {[%clk 1:26:35]} Re8 {[%clk 1:21:21]} 9. Nc3 {[%clk 1:25:19]} d4 {[%clk
1:15:57]} 10. Nb1 {[%clk 1:22:56]} c5 {[%clk 1:11:22]} 11. Nbd2 {[%clk
1:22:02]} Nf8 {[%clk 1:07:33]} 12. e4 {[%clk 1:17:42]} Ng4 {[%clk 0:58:40]} 13.
h3 {[%clk 1:12:15]} Nh6 {[%clk 0:58:33]} 14. Ne1 {[%clk 1:04:10]} Ng6 {[%clk
0:53:30]} 15. Bc1 {[%clk 0:59:48]} f5 {[%clk 0:48:40]} 16. exf5 {[%clk
0:55:08]} Nxf5 {[%clk 0:47:37]} 17. Bd5+ {[%clk 0:52:01]} Kh8 {[%clk 0:46:09]}
18. Qh5 {[%clk 0:51:04]} Rf8 {[%clk 0:41:39]} 19. Ne4 {[%clk 0:35:34]} Be7
{[%clk 0:34:36]} 20. Nf3 {[%clk 0:33:25]} Rb8 {[%clk 0:31:07]} 21. Neg5 {[%clk
0:30:14]} Nh6 {[%clk 0:30:02]} 22. Ne6 {[%clk 0:21:46]} Bxe6 {[%clk 0:29:52]}
23. Bxe6 {[%clk 0:22:10]} Qd6 {[%clk 0:25:58]} 24. Bd5 {[%clk 0:18:44]} Rf5
{[%clk 0:23:15]} 25. Bg5 {[%clk 0:18:08]} b6 {[%clk 0:20:04]} 26. Be4 {[%clk
0:17:46]} Rff8 {[%clk 0:16:38]} 27. Bxg6 {[%clk 0:14:01]} hxg6 {[%clk 0:16:05]}
28. Bxe7 {[%clk 0:14:24]} Qxe7 {[%clk 0:16:03]} 29. Qxe5 {[%clk 0:14:47]} Qd7
{[%clk 0:15:45]} 30. Nh4 {[%clk 0:13:40]} Kh7 {[%clk 0:11:51]} 31. Qg5 {[%clk
0:09:59]} Rf6 {[%clk 0:10:17]} 32. Kg2 {[%clk 0:09:55]} Rbf8 {[%clk 0:09:31]}
33. Rae1 {[%clk 0:09:34]} Qb7+ {[%clk 0:08:37]} 34. f3 {[%clk 0:09:27]} Nf7
{[%clk 0:07:03]} 35. Qg4 {[%clk 0:08:11]} Nh6 {[%clk 0:04:00]} 36. Qe4 {[%clk
0:05:27]} Qf7 {[%clk 0:03:39]} 37. f4 {[%clk 0:05:38]} Nf5 {[%clk 0:03:04]} 38.
Nxf5 {[%clk 0:05:49]} gxf5 {[%clk 0:03:18]} 39. Qe7 {[%clk 0:05:59]} Qg6 {[%clk
0:02:46]} 40. Re5 {[%clk 0:04:08]} R8f7 {[%clk 0:01:14]} 41. Qe8 {[%clk
0:04:12]} Qh5 {[%clk 0:00:36]} 42. Re6 {[%clk 0:00:47]} Rxe6 {[%clk 0:30:13]}
43. Qxe6 {[%clk 0:31:39]} Rf6 {[%clk 0:29:57]} 44. Qe5 {[%clk 0:30:58]} Rh6
{[%clk 0:29:34]} 45. Rh1 {[%clk 0:31:07]} Qf7 {[%clk 0:29:33]} 46. Re1 {[%clk
0:28:24]} Qh5 {[%clk 0:29:22]} 47. h4 {[%clk 0:28:20]} Qg4 {[%clk 0:28:55]} 48.
Qe2 {[%clk 0:19:07]} Qg6 {[%clk 0:22:20]} 49. Qe7 {[%clk 0:15:43]} a5 {[%clk
0:20:18]} 50. Qg5 {[%clk 0:15:16]} Qc6+ {[%clk 0:17:31]} 51. Kf2 {[%clk
0:13:36]} Qg6 {[%clk 0:14:06]} 52. Re5 {[%clk 0:11:28]} Qc6 {[%clk 0:12:52]}
53. Qxf5+ {[%clk 0:11:00]} Kg8 {[%clk 0:13:01]} 54. Qe4 {[%clk 0:11:12]} Qd7
{[%clk 0:12:45]} 55. Qd5+ {[%clk 0:11:25]} 1-0